000 00579nam a2200169 i 4500
001 51072
003 ES-MaACL
005 20230906162306.0
007 t|
008 030808s1973 sp ||||1| spa d
100 1 _aCusson, Gilles.
_942275
245 1 0 _aExperiencia personal del misterio de salvación
_b: Biblia y ejercicios espirituales /
_cGilles Cusson ; [traducción Elías Díaz Pardo].
260 _aMadrid, etc. :
_bApostolado de la Prensa, etc.,
_c1973.
300 _a302 p. ;
_c21 cm.
700 1 _aDíaz Pardo, Elías.
_944380
852 _aES-MaACL
_jC-53006
_bR.86239
999 _c51072
_d51072